MARC details
| 000 -CABECERA |
| campo de control de longitud fija |
00999cam a2200277 a 4500 |
| 001 - NÚMERO DE CONTROL |
| campo de control |
000007770 |
| 005 - FECHA Y HORA DE LA ÚLTIMA TRANSACCIÓN |
| campo de control |
20200929154307.0 |
| 008 - DATOS DE LONGITUD FIJA--INFORMACIÓN GENERAL |
| campo de control de longitud fija |
901023s1990 cu a bk 001 0 spa |
| 040 ## - FUENTE DE LA CATALOGACIÓN |
| Centro catalogador/agencia de origen |
DO-SdBNP |
| Centro/agencia transcriptor |
DLC |
| Centro/agencia modificador |
DLC |
| 082 ## - NÚMERO DE LA CLASIFICACIÓN DECIMAL DEWEY |
| Número de clasificación |
780.981 |
| Número de documento/Ítem |
G526h |
| 049 ## - FONDOS LOCALES (OCLC) |
| Fondos de biblioteca |
BNGR |
| 100 1# - ENTRADA PRINCIPAL--NOMBRE DE PERSONA |
| Nombre de persona |
Giro, Radamés, |
| Fechas asociadas al nombre |
1940- |
| 9 (RLIN) |
21462 |
| 245 10 - MENCIÓN DE TÍTULO |
| Título |
Heitor Villa-Lobos : |
| Resto del título |
una sensibilidad americana / |
| Mención de responsabilidad, etc. |
Radamés Giro ; edición, Isabel González, prólogo, Leo Brouwer. |
| 260 ## - PUBLICACIÓN, DISTRIBUCIÓN, ETC. |
| Lugar de publicación, distribución, etc. |
La Habana (Cuba) : |
| Nombre del editor, distribuidor, etc. |
Unión de Escritores y Artistas de Cuba, |
| Fecha de publicación, distribución, etc. |
1990. |
| 300 ## - DESCRIPCIÓN FÍSICA |
| Extensión |
116 p. : |
| Otras características físicas |
il. ; |
| Dimensiones |
20 cm. |
| 490 1# - MENCIÓN DE SERIE |
| Mención de serie |
Contemporáneos |
| 504 ## - NOTA DE BIBLIOGRAFÍA, ETC. |
| Nota de bibliografía, etc. |
Referencias bibliográfica p. 113-116. |
| 650 #4 - PUNTO DE ACCESO ADICIONAL DE MATERIA--TÉRMINO DE MATERIA |
| Término de materia o nombre geográfico como elemento de entrada |
Música brasileña |
| 9 (RLIN) |
21463 |
| 650 #4 - PUNTO DE ACCESO ADICIONAL DE MATERIA--TÉRMINO DE MATERIA |
| Término de materia o nombre geográfico como elemento de entrada |
Músicos brasileños |
| 9 (RLIN) |
21464 |
| 650 #4 - PUNTO DE ACCESO ADICIONAL DE MATERIA--TÉRMINO DE MATERIA |
| Término de materia o nombre geográfico como elemento de entrada |
Compositores brasileños |
| 9 (RLIN) |
21465 |
| 600 14 - PUNTO DE ACCESO ADICIONAL DE MATERIA--NOMBRE DE PERSONA |
| Nombre de persona |
VILLA-LOBOS, HEITOR |
| Fechas asociadas al nombre |
1887-1959 |
| 9 (RLIN) |
21466 |
| 700 1# - PUNTO DE ACCESO ADICIONAL--NOMBRE DE PERSONA |
| Nombre de persona |
Brouwer, Leo, |
| Término indicativo de función/relación |
pról. |
| 9 (RLIN) |
21467 |
| 700 1# - PUNTO DE ACCESO ADICIONAL--NOMBRE DE PERSONA |
| Nombre de persona |
González, Isabel, |
| Término indicativo de función/relación |
ed. |
| 9 (RLIN) |
21468 |
| 830 #0 - PUNTO DE ACCESO ADICIONAL DE SERIE-TÍTULO UNIFORME |
| Título uniforme |
Contemporáneos |
| 9 (RLIN) |
6941 |
| 910 ## - DATOS DE OPCIÓN DEL USUARIO (OCLC) |
| Datos de opción del usuario |
Catalogación por copia / LC |